000 00683nam a22002057a 4500
005 20251108165250.0
008 250721s1989 xx 000 0 ara d
082 1 4 _a629.8/آت
100 1 _aآتكنسون، ب
245 1 0 _aنظرية سيطرة التغذية الخلفية للمهندسين /
246 1 1 _aFeedback control theory ...
250 _aط2
264 1 _aبغداد :
_bوزارة التعليم العالي و البحث العلمي،
_c1989.
300 _a572ص
650 1 7 _aهندسة التحكم
650 1 7 _aالتحكم الآلي
700 1 _aالبيرماني، صباح عبود أحمد
_eترجمة
942 _2ddc
_cBK
999 _c23614
_d23614